Cybersecurity - attack and defense strategies/ (Record no. 6284)

MARC details
000 -LEADER
fixed length control field 00791nam a22002417a 4500
003 - CONTROL NUMBER IDENTIFIER
control field OSt
005 - DATE AND TIME OF LATEST TRANSACTION
control field 20251125141516.0
008 - FIXED-LENGTH DATA ELEMENTS--GENERAL INFORMATION
fixed length control field 251125b |||||||| |||| 00| 0 eng d
020 ## - INTERNATIONAL STANDARD BOOK NUMBER
International Standard Book Number 978-1-83882-779-3
040 ## - CATALOGING SOURCE
Original cataloging agency DWCL-Main lib
Transcribing agency OC
082 ## - DEWEY DECIMAL CLASSIFICATION NUMBER
Edition number Second edition
Classification number Circ. 005.8 D591c 2019
100 ## - MAIN ENTRY--PERSONAL NAME
Personal name Diogenes, Yuri
245 ## - TITLE STATEMENT
Title Cybersecurity - attack and defense strategies/
Statement of responsibility, etc. Yuri Diogenes
250 ## - EDITION STATEMENT
Edition statement Second edition
260 ## - PUBLICATION, DISTRIBUTION, ETC.
Place of publication, distribution, etc. Bringham, U.K : .
Name of publisher, distributor, etc. Packtpublishing ,
Date of publication, distribution, etc. c2019.
300 ## - PHYSICAL DESCRIPTION
Extent xvi, 610 pages :
Other physical details illustrations ;
Dimensions 24cm.
504 ## - BIBLIOGRAPHY, ETC. NOTE
Bibliography, etc. note Includes index
650 ## - SUBJECT ADDED ENTRY--TOPICAL TERM
Topical term or geographic name entry element 1. Computer Crimes
650 ## - SUBJECT ADDED ENTRY--TOPICAL TERM
Topical term or geographic name entry element 2. Computer networks-- Security measures
650 ## - SUBJECT ADDED ENTRY--TOPICAL TERM
Topical term or geographic name entry element 3. Computer security
700 ## - ADDED ENTRY--PERSONAL NAME
Personal name Erdal Ozkaya
942 ## - ADDED ENTRY ELEMENTS (KOHA)
Source of classification or shelving scheme Dewey Decimal Classification
Koha item type Book Circulation
Edition Second edition
Call number prefix Circ.
Suppress in OPAC No
952 ## - LOCATION AND ITEM INFORMATION (KOHA)
--
Holdings
Withdrawn status Lost status Source of classification or shelving scheme Damaged status Not for loan Home library Current library Shelving location Date acquired Source of acquisition Total Checkouts Full call number Barcode Date last seen Copy number Price effective from Koha item type Uniform Resource Identifier
    Dewey Decimal Classification     College Library College Library Circulation 05/12/2021 School Fund   Circ. 005.8 D591c 2019 CL52892 11/25/2025 c1 11/25/2025 BK-CIRC